ბათუმის შოთა რუსთაველის სახელმწიფო უნივერსიტეტის ბიბლიოთეკა

წიგნის სასახლე (ბიბ.ჩანაწერი № 42104)

000 -LEADER
fixed length control field 00838nam a2200229Ia 4500
001 - CONTROL NUMBER
control field 8795
003 - CONTROL NUMBER IDENTIFIER
control field GE_BSU
008 - FIXED-LENGTH DATA ELEMENTS--GENERAL INFORMATION
fixed length control field 181216s||||||||xx |||||||||||||| ||und||
040 ## - CATALOGING SOURCE
Transcribing agency GE_BSU
080 ## - UNIVERSAL DECIMAL CLASSIFICATION NUMBER
Universal Decimal Classification number 821.353.1–32
100 ## - MAIN ENTRY--PERSONAL NAME
Personal name კაკუშაძე,ნოე
245 ## - TITLE STATEMENT
Title წიგნის სასახლე
245 ## - TITLE STATEMENT
Remainder of title მოთხრობები,მეომრის დღიურიდან
245 ## - TITLE STATEMENT
Statement of responsibility, etc. რედ:ირაკლი არაბული;მხატვ:.ირაკლი არაბული
260 ## - PUBLICATION, DISTRIBUTION, ETC.
Place of publication, distribution, etc. თბილისი
260 ## - PUBLICATION, DISTRIBUTION, ETC.
Name of publisher, distributor, etc. ნაკადული
260 ## - PUBLICATION, DISTRIBUTION, ETC.
Date of publication, distribution, etc. 1955
300 ## - PHYSICAL DESCRIPTION
Extent 382გვ.17სმ.
653 ## - INDEX TERM--UNCONTROLLED
Uncontrolled term მოთხრობები,მეომრის დღიურიდან
653 ## - INDEX TERM--UNCONTROLLED
Uncontrolled term წიგნის სასახლე
942 ## - ADDED ENTRY ELEMENTS (KOHA)
Koha item type წიგნი
ეგზემპლარები
Withdrawn status Lost status Damaged status Not for loan Date acquired Barcode Date last seen Price effective from Koha item type
        2018-12-17 31227 2018-12-17 2018-12-17 წიგნი
        2018-12-17 31228 2018-12-17 2018-12-17 წიგნი
        2018-12-17 31229 2018-12-17 2018-12-17 წიგნი
        2018-12-17 31230 2018-12-17 2018-12-17 წიგნი
        2018-12-17 31231 2018-12-17 2018-12-17 წიგნი